[Event "01.Chess Org-Pokal -Open-"]
[Site "Bad Zwischenahn(30.07.-08.08)"]
[Date "2004.??.??"]
[Round "4.2"]
[White "Gutman, Lev"]
[Black "Wempe, Juergen"]
[Result "1-0"]
[WhiteElo "2407"]
[BlackElo "2113"]
[PlyCount "103"]
[EventDate "2004.08.??"]
[SourceDate "2005.04.17"]

1. Nf3 e6 2. g3 f5 3. Bg2 Nf6 4. d3 Nc6 5. O-O d5 6. c4 dxc4 7. dxc4 Qxd1 8.
Rxd1 Ne4 9. Ne1 Bd7 10. Bxe4 fxe4 11. Nc3 Ne5 12. b3 Bc6 13. Nc2 Ng4 14. h3 Nf6
15. Bf4 Rc8 16. Nd4 Bb4 17. Ncb5 Bxb5 18. Nxb5 a6 19. a3 Ba5 20. Nd4 Bc3 21.
Rac1 Bxd4 22. Rxd4 Ke7 23. Bg5 Rhd8 24. Rxe4 h6 25. Bxf6+ gxf6 26. Rh4 Rd2 27.
Rxh6 Rcd8 28. Rh7+ Kd6 29. Rc3 Kc6 30. Re3 R8d6 31. c5 Kxc5 32. Rxc7+ Kb6 33.
Re7 e5 34. f4 exf4 35. gxf4 Ra2 36. b4 Rb2 37. h4 Kb5 38. Kf2 Rb6 39. h5 f5 40.
R3e5+ Ka4 41. R7e6 Rb5 42. h6 Rb3 43. Kg2 Rc3 44. h7 Rc8 45. Re8 Rxe5 46. Rxc8
Rxe2+ 47. Kg3 Re3+ 48. Kh4 Re1 49. h8=Q Rh1+ 50. Kg5 Rxh8 51. Rxh8 Kxa3 52.
Kxf5 1-0

[Event "01.Chess Org-Pokal -Open-"]
[Site "Bad Zwischenahn(30.07.-08.08)"]
[Date "2004.??.??"]
[Round "4.3"]
[White "Molzahn, Norbert"]
[Black "Bohnstorff, Michael"]
[Result "1-0"]
[WhiteElo "1975"]
[BlackElo "2025"]
[PlyCount "87"]
[EventDate "2004.08.??"]
[SourceDate "2005.04.17"]

1. c4 c6 2. d4 d5 3. cxd5 cxd5 4. Nf3 Nc6 5. Nc3 Nf6 6. Bf4 e6 7. e3 Bd6 8. Bb5
Bxf4 9. exf4 Bd7 10. O-O a6 11. Bxc6 Bxc6 12. Ne5 Rc8 13. Rc1 O-O 14. Re1 Qb6
15. Nxc6 Qxc6 16. Ne4 Qb6 17. Nxf6+ gxf6 18. Qd2 Rc4 19. Rxc4 dxc4 20. Rc1 Qc6
21. Qe2 Rc8 22. Qg4+ Kf8 23. Qh4 Ke7 24. f5 Qd5 25. fxe6 fxe6 26. Qxh7+ Kd6 27.
Qh4 f5 28. Re1 Qa5 29. Qg3+ Kd7 30. Qe3 Re8 31. a3 Qd5 32. Qf4 Rg8 33. g3 Rg4
34. Qe5 Rxd4 35. Qg7+ Kd6 36. Qf8+ Kc6 37. Qe8+ Kc7 38. Qe7+ Kc6 39. Qe8+ Kc5
40. Qe7+ Kb5 41. Rxe6 Rd1+ 42. Re1 f4 43. Qb4+ Kc6 44. Qa4+ 1-0

[Event "01.Chess Org-Pokal -Open-"]
[Site "Bad Zwischenahn(30.07.-08.08)"]
[Date "2004.??.??"]
[Round "4.4"]
[White "Bartels, Holger"]
[Black "Kroencke, Manfred"]
[Result "1/2-1/2"]
[WhiteElo "2095"]
[BlackElo "2147"]
[PlyCount "95"]
[EventDate "2004.08.??"]
[SourceDate "2005.04.17"]

1. e4 c5 2. Nf3 e6 3. d4 cxd4 4. Nxd4 Nc6 5. Nc3 Qc7 6. g3 Nf6 7. Bg2 a6 8. O-O
Nxd4 9. Qxd4 Bc5 10. Bf4 d6 11. Qd2 h6 12. Rad1 e5 13. Be3 Ke7 14. f4 Qb6 15.
Bxc5 Qxc5+ 16. Kh1 Be6 17. b4 Qc7 18. Nd5+ Bxd5 19. exd5 exf4 20. Rde1+ Kf8 21.
Qxf4 h5 22. c4 Rh6 23. c5 Ne8 24. c6 Rf6 25. Qd4 Rxf1+ 26. Rxf1 b5 27. Bf3 Nf6
28. Qd3 Qb6 29. Bxh5 Nxh5 30. Qh7 Nxg3+ 31. hxg3 Qe3 32. Qh8+ Ke7 33. Qxa8 Qe4+
34. Kg1 Qe3+ 35. Kg2 Qe4+ 36. Rf3 Qe2+ 37. Rf2 Qe4+ 38. Kg1 Qe1+ 39. Kh2 Qxf2+
40. Kh3 Qf3 41. Qa7+ Kf6 42. Qd4+ Ke7 43. Kh2 g5 44. Qd2 Qf5 45. Qe3+ Kf8 46.
Qd2 Ke7 47. Qe3+ Kf8 48. Qd2 1/2-1/2

[Event "01.Chess Org-Pokal -Open-"]
[Site "Bad Zwischenahn(30.07.-08.08)"]
[Date "2004.??.??"]
[Round "4.5"]
[White "Kimmich, Daniel"]
[Black "Eichler, Gottfried"]
[Result "0-1"]
[WhiteElo "1817"]
[BlackElo "1849"]
[PlyCount "51"]
[EventDate "2004.08.??"]
[SourceDate "2005.04.17"]

1. e4 c5 2. Nc3 d6 3. Nf3 Nf6 4. d4 cxd4 5. Nxd4 a6 6. f3 e5 7. Nb3 Be7 8. Be3
O-O 9. Qd2 b6 10. g4 Nfd7 11. O-O-O Bb7 12. h4 Nc5 13. g5 Nbd7 14. h5 f5 15.
Bc4+ Kh8 16. exf5 Bxf3 17. h6 Rxf5 18. hxg7+ Kxg7 19. Rxh7+ Kf8 20. Rh8+ Kg7
21. Rxd8 Rxd8 22. Rg1 Rh8 23. Bd5 Rh3 24. Nxc5 bxc5 25. Be6 Be4 26. Bxd7 0-1

[Event "01.Chess Org-Pokal -Open-"]
[Site "Bad Zwischenahn(30.07.-08.08)"]
[Date "2004.??.??"]
[Round "4.6"]
[White "Lichman, Peter"]
[Black "Lange, Detlef"]
[Result "1-0"]
[WhiteElo "2162"]
[BlackElo "1659"]
[PlyCount "72"]
[EventDate "2004.08.??"]
[SourceDate "2005.04.17"]

1. d4 e6 2. Nf3 c5 3. c4 Nf6 4. Nc3 a6 5. e4 cxd4 6. Nxd4 Bb4 7. Bd3 e5 8. Nf5
Rg8 9. O-O Bxc3 10. bxc3 d6 11. Ne3 Nbd7 12. Nd5 Nc5 13. Nxf6+ gxf6 14. f3 Qa5
15. Qc2 Be6 16. Rf2 Ke7 17. Be3 Bd7 18. Bf1 Rg6 19. Qb2 Bc6 20. Qb4 Qxb4 21.
cxb4 Ne6 22. Rd2 Ba4 23. Bb6 Ng5 24. Kf2 Rc8 25. Rb1 Ne6 26. b5 axb5 27. cxb5
Rgg8 28. Rb4 Ra8 29. Bc4 Rgc8 30. Bd5 Nc5 31. Rbb2 Nd7 32. Be3 Rab8 33. Rb4 Bc2
34. Ba7 Nc5 35. Bxb8 Rxb8 36. Ke3 Ba4 1-0

[Event "01.Chess Org-Pokal -Open-"]
[Site "Bad Zwischenahn(30.07.-08.08)"]
[Date "2004.??.??"]
[Round "4.7"]
[White "Juergens, Bernhard"]
[Black "Makoui, Mazeyar"]
[Result "1-0"]
[WhiteElo "1977"]
[BlackElo "1638"]
[PlyCount "157"]
[EventDate "2004.08.??"]
[SourceDate "2005.04.17"]

1. d4 c5 2. d5 Nf6 3. g3 d6 4. Bg2 e6 5. e4 exd5 6. exd5 Be7 7. c4 O-O 8. Nf3
a6 9. Qd3 Bd7 10. a4 Qc8 11. O-O Bh3 12. Re1 Re8 13. Nc3 Bxg2 14. Kxg2 Qg4 15.
b3 Nbd7 16. Bb2 Bf8 17. h3 Qg6 18. Qxg6 hxg6 19. Kf1 Ne5 20. Nxe5 dxe5 21. Re2
Bd6 22. Rae1 Nd7 23. Ne4 Bf8 24. a5 Nf6 25. Ng5 Nd7 26. Bxe5 f6 27. Ne6 Rxe6
28. dxe6 Nxe5 29. e7 Bxe7 30. f4 Nc6 31. Rxe7 Nxe7 32. Rxe7 Rb8 33. Ke2 b6 34.
axb6 Rxb6 35. Re3 Kf7 36. Kd2 Re6 37. Rf3 Ke7 38. f5 Rd6+ 39. Kc3 g5 40. Re3+
Kd7 41. Re1 a5 42. Ra1 Ra6 43. Kb2 Kc7 44. Re1 Kd7 45. Ka3 Rd6 46. Re3 Rd1 47.
Ka4 Rd6 48. Kxa5 Kc6 49. b4 cxb4 50. Kxb4 Rd1 51. Re6+ Kd7 52. Kc5 Rd3 53. g4
Rxh3 54. Rd6+ Kc7 55. Rc6+ Kd7 56. Rd6+ Kc7 57. Re6 Kd7 58. Re4 Rh1 59. Rd4+
Kc7 60. Kd5 Kd7 61. c5 Rc1 62. Rd2 Kc7 63. Ke6 Rxc5 64. Rd7+ Kc6 65. Rxg7 Rc4
66. Kxf6 Rxg4 67. Rxg5 Rf4 68. Kf7 Kd7 69. f6 Rf1 70. Rd5+ Kc6 71. Rd1 Rf3 72.
Ke7 Re3+ 73. Kf8 Rf3 74. f7 Rf4 75. Rd2 Kc7 76. Rh2 Kd7 77. Kg7 Ke7 78. f8=Q+
Rxf8 79. Re2+ 1-0

[Event "01.Chess Org-Pokal -Open-"]
[Site "Bad Zwischenahn(30.07.-08.08)"]
[Date "2004.??.??"]
[Round "4.8"]
[White "Afken, Jonas"]
[Black "Grewenig, Marc"]
[Result "1/2-1/2"]
[WhiteElo "1495"]
[BlackElo "1330"]
[PlyCount "93"]
[EventDate "2004.08.??"]
[SourceDate "2005.04.17"]

1. Nf3 Nf6 2. g3 g6 3. Bg2 Bg7 4. O-O O-O 5. d3 d5 6. Nbd2 Nbd7 7. e4 dxe4 8.
dxe4 Nb6 9. c3 c6 10. Qc2 Bg4 11. Re1 Qc7 12. h3 Bd7 13. Nf1 e5 14. Be3 Nh5 15.
g4 Nf6 16. Rad1 Be6 17. b3 Rfd8 18. Ng3 c5 19. c4 Ne8 20. Nd2 Rd7 21. Nb1 Rad8
22. Rxd7 Rxd7 23. Nc3 a6 24. Nd5 Bxd5 25. cxd5 Bf8 26. Rc1 Rd8 27. b4 c4 28.
Bxb6 Qxb6 29. Qxc4 Qxb4 30. Qxb4 Bxb4 31. Nf1 Nd6 32. Ne3 Bd2 33. Rc7 Ba5 34.
Re7 Bc3 35. Nc2 Kf8 36. Rc7 Ba5 37. Rc5 Bb6 38. Rc3 Ke7 39. Kf1 Kf6 40. h4 h6
41. Ke2 Ba5 42. Rc5 Bb6 43. Rc3 Ba5 44. Rb3 Rc8 45. Rb2 b5 46. Ne3 Rc1 47. Rc2
1/2-1/2

[Event "01.Chess Org-Pokal -Open-"]
[Site "Bad Zwischenahn(30.07.-08.08)"]
[Date "2004.??.??"]
[Round "4.9"]
[White "Wempe, Felix"]
[Black "Dopychai, Reent"]
[Result "1/2-1/2"]
[WhiteElo "1262"]
[BlackElo "1489"]
[PlyCount "44"]
[EventDate "2004.08.??"]
[SourceDate "2005.04.17"]

1. e4 e5 2. Nf3 Nc6 3. Bb5 Nf6 4. O-O d6 5. d4 Bd7 6. Bg5 h6 7. Bh4 g5 8. Bg3
Nxe4 9. Qe2 Nxg3 10. hxg3 Qe7 11. Bxc6 Bxc6 12. dxe5 dxe5 13. Nxe5 f6 14. Qh5+
Kd8 15. Nf7+ Kc8 16. Nxh8 Qc5 17. Kh2 Qxc2 18. Qg4+ Kb8 19. Rg1 Bc5 20. Na3
Qxb2 21. Rab1 Qxa3 22. Rgd1 a6 1/2-1/2

[Event "01.Chess Org-Pokal -Open-"]
[Site "Bad Zwischenahn(30.07.-08.08)"]
[Date "2004.??.??"]
[Round "4.10"]
[White "Witzschel, Peter"]
[Black "Brummer, Bernfried"]
[Result "0-1"]
[WhiteElo "1371"]
[BlackElo "1712"]
[PlyCount "62"]
[EventDate "2004.08.??"]
[SourceDate "2005.04.17"]

1. e4 c5 2. Nf3 Nc6 3. Bb5 d6 4. c3 Bd7 5. O-O g6 6. d3 Bg7 7. Be3 Nf6 8. h3
O-O 9. Nbd2 Rc8 10. Re1 a6 11. Ba4 b5 12. Bc2 Qc7 13. Rc1 Qb7 14. d4 cxd4 15.
cxd4 Rc7 16. e5 dxe5 17. dxe5 Nd5 18. Be4 Nxe3 19. Rxe3 Qb6 20. Bxc6 Bxc6 21.
Rec3 Bxf3 22. Nxf3 Rxc3 23. Rxc3 Rd8 24. Qc2 Qe6 25. b3 Bxe5 26. Nxe5 Qxe5 27.
Rc8 Qd6 28. Rxd8+ Qxd8 29. Qc6 Qd1+ 30. Kh2 Qd6+ 31. Qxd6 exd6 0-1

[Event "01.Chess Org-Pokal -Open-"]
[Site "Bad Zwischenahn(30.07.-08.08)"]
[Date "2004.??.??"]
[Round "4.11"]
[White "Billen, Hans-Juergen"]
[Black "Wempe, Moritz"]
[Result "1/2-1/2"]
[WhiteElo "1502"]
[BlackElo "1491"]
[PlyCount "44"]
[EventDate "2004.08.??"]
[SourceDate "2005.04.17"]

1. d4 d5 2. c4 Nf6 3. Nf3 e6 4. e3 b6 5. Nc3 Bb7 6. cxd5 Nxd5 7. Bd3 f5 8. a3
Nd7 9. O-O h5 10. Re1 g5 11. e4 Nxc3 12. bxc3 f4 13. d5 g4 14. dxe6 gxf3 15.
exd7+ Qxd7 16. Qxf3 O-O-O 17. Bc2 Bd6 18. Bxf4 Rdf8 19. g3 h4 20. Qe2 Bxf4 21.
Rad1 Bd6 22. e5 hxg3 1/2-1/2

[Event "01.Chess Org-Pokal -Open-"]
[Site "Bad Zwischenahn(30.07.-08.08)"]
[Date "2004.??.??"]
[Round "4.12"]
[White "Rulfs, Ernst-August"]
[Black "Burghardt, Bernd,Dr."]
[Result "0-1"]
[WhiteElo "1386"]
[BlackElo "1591"]
[PlyCount "34"]
[EventDate "2004.08.??"]
[SourceDate "2005.04.17"]

1. c4 Nf6 2. Nc3 g6 3. g3 Bg7 4. Bg2 O-O 5. Nf3 d6 6. O-O Nbd7 7. b4 Nb6 8. Qb3
e5 9. d3 h6 10. c5 Be6 11. Qc2 Nbd7 12. cxd6 cxd6 13. Nd2 d5 14. Bb2 Rc8 15.
Qa4 Qb6 16. Rac1 Nc5 17. Nb5 Nxa4 0-1

[Event "01.Chess Org-Pokal -Open-"]
[Site "Bad Zwischenahn(30.07.-08.08)"]
[Date "2004.??.??"]
[Round "5.1"]
[White "Gutman, Lev"]
[Black "Fish, Gennadij"]
[Result "1/2-1/2"]
[WhiteElo "2407"]
[BlackElo "2545"]
[PlyCount "22"]
[EventDate "2004.08.??"]
[SourceDate "2005.04.17"]

1. Nf3 Nf6 2. g3 c5 3. Bg2 g6 4. O-O Bg7 5. Nc3 Nc6 6. a3 d5 7. Rb1 O-O 8. b4
d4 9. Na4 cxb4 10. axb4 b5 11. Nc5 Nd5 1/2-1/2

[Event "01.Chess Org-Pokal -Open-"]
[Site "Bad Zwischenahn(30.07.-08.08)"]
[Date "2004.??.??"]
[Round "5.2"]
[White "Kimmich, Daniel"]
[Black "Molzahn, Norbert"]
[Result "1/2-1/2"]
[WhiteElo "1817"]
[BlackElo "1975"]
[PlyCount "56"]
[EventDate "2004.08.??"]
[SourceDate "2005.04.17"]

1. e4 c5 2. Nf3 Nc6 3. Nc3 g6 4. d4 cxd4 5. Nxd4 Bg7 6. Be3 Nf6 7. Nxc6 bxc6 8.
e5 Ng8 9. f4 f6 10. Bc4 fxe5 11. O-O exf4 12. Qf3 Nf6 13. Bxf4 d5 14. Bb3 O-O
15. Rae1 Kh8 16. Be5 Bf5 17. Qe3 Qd7 18. Qc5 Rfe8 19. Ba4 Rac8 20. h3 Qb7 21.
Bd4 Ne4 22. Rxe4 Bxe4 23. Bxg7+ Kxg7 24. Nxe4 Qb6 25. Kh1 Qxc5 26. Nxc5 e5 27.
c3 Re7 28. Kg1 e4 1/2-1/2

[Event "01.Chess Org-Pokal -Open-"]
[Site "Bad Zwischenahn(30.07.-08.08)"]
[Date "2004.??.??"]
[Round "5.3"]
[White "Rotstein, Arkadij"]
[Black "Lichman, Peter"]
[Result "1-0"]
[WhiteElo "2462"]
[BlackElo "2162"]
[PlyCount "39"]
[EventDate "2004.08.??"]
[SourceDate "2005.04.17"]

1. c4 Nf6 2. Nf3 g6 3. g3 Bg7 4. Bg2 d6 5. Nc3 O-O 6. O-O Nbd7 7. Rb1 e5 8. d3
Nh5 9. d4 Re8 10. e4 exd4 11. Nxd4 Ne5 12. b3 Bd7 13. h3 Nc6 14. Nxc6 Bxc6 15.
Nd5 Bxd5 16. cxd5 Nf6 17. Qc2 Qe7 18. Bg5 h6 19. Bd2 Nxe4 20. Rfe1 1-0

[Event "01.Chess Org-Pokal -Open-"]
[Site "Bad Zwischenahn(30.07.-08.08)"]
[Date "2004.??.??"]
[Round "5.4"]
[White "Wempe, Juergen"]
[Black "Bartels, Holger"]
[Result "1/2-1/2"]
[WhiteElo "2113"]
[BlackElo "2095"]
[PlyCount "83"]
[EventDate "2004.08.??"]
[SourceDate "2005.04.17"]

1. e4 c5 2. b4 cxb4 3. d4 Nf6 4. Bd3 d6 5. a3 bxa3 6. Nxa3 g6 7. Nf3 Bg7 8. O-O
O-O 9. h3 Nbd7 10. Be3 e5 11. Nb5 a6 12. Nxd6 Ne8 13. Bg5 f6 14. Bc4+ Kh8 15.
dxe5 Nxd6 16. Qxd6 Nxe5 17. Qxe5 fxg5 18. Qa5 Qxa5 19. Rxa5 g4 20. Ng5 Bc3 21.
Ra3 Bb4 22. Rb3 Be7 23. Nf7+ Kg7 24. Ne5 gxh3 25. gxh3 Bf6 26. f4 Re8 27. Bd5
Rb8 28. c4 Be6 29. c5 Bxe5 30. fxe5 Bxd5 31. exd5 Rxe5 32. Rd1 Rd8 33. Rxb7+
Kh6 34. d6 Rxc5 35. d7 Rg5+ 36. Kh2 Re5 37. Rc7 Re7 38. Kg3 a5 39. h4 a4 40.
Rd3 a3 41. Rxa3 Rexd7 42. Raa7 1/2-1/2

[Event "01.Chess Org-Pokal -Open-"]
[Site "Bad Zwischenahn(30.07.-08.08)"]
[Date "2004.??.??"]
[Round "5.5"]
[White "Kroencke, Manfred"]
[Black "Juergens, Bernhard"]
[Result "1-0"]
[WhiteElo "2147"]
[BlackElo "1977"]
[PlyCount "79"]
[EventDate "2004.08.??"]
[SourceDate "2005.04.17"]

1. e4 e6 2. d4 d5 3. exd5 exd5 4. Qf3 Bd6 5. Bd3 Nc6 6. c3 Nf6 7. h3 O-O 8. Ne2
Re8 9. Bg5 Be7 10. Nd2 Ne4 11. Bxe7 Qxe7 12. O-O-O Qg5 13. Kc2 Bf5 14. g4 Nxd2
15. Rxd2 Bxd3+ 16. Qxd3 Qg6 17. Nf4 Qxd3+ 18. Rxd3 Rad8 19. Re3 Rxe3 20. fxe3
Ne7 21. Re1 Nc8 22. b3 Nb6 23. e4 dxe4 24. Rxe4 Kf8 25. c4 c6 26. Kc3 Re8 27.
Kd3 Rxe4 28. Kxe4 Ke7 29. d5 cxd5+ 30. Nxd5+ Kd6 31. Nc3 Kc5 32. Kd3 Nd7 33.
Ne4+ Kb4 34. Nd6 Ka3 35. Nxb7 Kxa2 36. Kc3 Ka3 37. c5 f6 38. c6 Nb6 39. Nd6 g6
40. Nc4+ 1-0

[Event "01.Chess Org-Pokal -Open-"]
[Site "Bad Zwischenahn(30.07.-08.08)"]
[Date "2004.??.??"]
[Round "5.6"]
[White "Bohnstorff, Michael"]
[Black "Brummer, Bernfried"]
[Result "1-0"]
[WhiteElo "2025"]
[BlackElo "1712"]
[PlyCount "81"]
[EventDate "2004.08.??"]
[SourceDate "2005.04.17"]

1. d4 f5 2. g3 c6 3. Bg2 e6 4. c4 d5 5. c5 Nf6 6. Qa4 Be7 7. Bf4 O-O 8. Nf3
Nbd7 9. Ng5 Nb8 10. b4 Ne4 11. Nh3 b5 12. Qa3 Bd7 13. f3 Nf6 14. Nd2 a5 15. Nb3
Na6 16. bxa5 Ra7 17. O-O Qe8 18. Nf2 Qh5 19. Nd3 g5 20. Be5 g4 21. Qc1 Bd8 22.
Nf4 Qg5 23. Nd3 Qg6 24. Bd6 Re8 25. Ne5 Qg7 26. Qd2 h5 27. fxg4 hxg4 28. Kf2
Ne4+ 29. Bxe4 dxe4 30. Rh1 Bg5 31. e3 Nc7 32. Bxc7 Rxc7 33. h3 gxh3 34. Rxh3
Bc8 35. Rah1 Bf6 36. Rh6 Bxe5 37. dxe5 Rd7 38. Qe2 Qxe5 39. Rh8+ Qxh8 40. Rxh8+
Kxh8 41. Qh5+ 1-0

[Event "01.Chess Org-Pokal -Open-"]
[Site "Bad Zwischenahn(30.07.-08.08)"]
[Date "2004.??.??"]
[Round "5.7"]
[White "Eichler, Gottfried"]
[Black "Wempe, Moritz"]
[Result "1-0"]
[WhiteElo "1849"]
[BlackElo "1491"]
[PlyCount "39"]
[EventDate "2004.08.??"]
[SourceDate "2005.04.17"]

1. d4 d5 2. Nf3 Nf6 3. e3 c5 4. c3 e6 5. Bd3 Nc6 6. Nbd2 Bd7 7. O-O Bd6 8. e4
cxd4 9. cxd4 dxe4 10. Nxe4 Nxe4 11. Bxe4 Qc7 12. a3 O-O-O 13. b4 Be8 14. Bb2 f5
15. Bd3 a6 16. Qe2 Bf7 17. Rfc1 Kd7 18. d5 Rhe8 19. dxc6+ bxc6 20. Ne5+ 1-0

[Event "01.Chess Org-Pokal -Open-"]
[Site "Bad Zwischenahn(30.07.-08.08)"]
[Date "2004.??.??"]
[Round "5.8"]
[White "Lange, Detlef"]
[Black "Afken, Jonas"]
[Result "1-0"]
[WhiteElo "1659"]
[BlackElo "1495"]
[PlyCount "55"]
[EventDate "2004.08.??"]
[SourceDate "2005.04.17"]

1. e4 c5 2. Nf3 Nc6 3. d4 cxd4 4. Nxd4 Nf6 5. Nc3 e5 6. Ndb5 d6 7. Bg5 a6 8.
Bxf6 gxf6 9. Na3 b5 10. Bxb5 axb5 11. Naxb5 Be6 12. Nd5 Bxd5 13. Qxd5 Qb6 14.
O-O Rd8 15. a4 Qc5 16. Nc7+ Ke7 17. Qb3 Rb8 18. Nd5+ Kd8 19. Qf3 Be7 20. c3
Rxb2 21. Rfb1 Qa3 22. Qd1 Rxb1 23. Qxb1 Qc5 24. Qb7 Ke8 25. a5 Kf8 26. a6 Kg7
27. a7 Nxa7 28. Rxa7 1-0

[Event "01.Chess Org-Pokal -Open-"]
[Site "Bad Zwischenahn(30.07.-08.08)"]
[Date "2004.??.??"]
[Round "5.9"]
[White "Grewenig, Marc"]
[Black "Wempe, Felix"]
[Result "1/2-1/2"]
[WhiteElo "1330"]
[BlackElo "1262"]
[PlyCount "57"]
[EventDate "2004.08.??"]
[SourceDate "2005.04.17"]

1. e4 e5 2. d4 exd4 3. Nf3 Nc6 4. Bc4 Bb4+ 5. c3 dxc3 6. bxc3 Bc5 7. Qb3 Qf6 8.
Bg5 Qg6 9. O-O Nge7 10. Nbd2 O-O 11. Qb5 d6 12. Rae1 h6 13. Bh4 Bh3 14. Bg3 Bc8
15. e5 Nf5 16. Bd3 Qg4 17. Re4 Qh5 18. Rfe1 g5 19. exd6 Nxg3 20. hxg3 Bxd6 21.
Re8 a6 22. Qb1 g4 23. Ne4 Qa5 24. Nh2 Be7 25. Rxf8+ Bxf8 26. Qc1 Kg7 27. Bc4
Ne5 28. Be2 Qb6 29. Qf4 1/2-1/2

[Event "01.Chess Org-Pokal -Open-"]
[Site "Bad Zwischenahn(30.07.-08.08)"]
[Date "2004.??.??"]
[Round "5.10"]
[White "Dopychai, Reent"]
[Black "Makoui, Mazeyar"]
[Result "0-1"]
[WhiteElo "1489"]
[BlackElo "1638"]
[PlyCount "78"]
[EventDate "2004.08.??"]
[SourceDate "2005.04.17"]

1. e4 c5 2. Nf3 Nc6 3. d4 cxd4 4. Nxd4 g6 5. Nc3 Bg7 6. Be3 Nf6 7. h3 O-O 8.
Qd2 Re8 9. O-O-O e5 10. Ndb5 Nd4 11. Nxd4 exd4 12. Bxd4 Nxe4 13. Nxe4 Rxe4 14.
Bxg7 Kxg7 15. Bd3 Re8 16. Bb5 Qc7 17. Qd4+ Kg8 18. Rd3 a6 19. Ba4 Qe5 20. Qxe5
Rxe5 21. Rf3 d5 22. Bb3 Bf5 23. Rg1 Rc8 24. Kd2 b5 25. c3 Rce8 26. Re3 Rxe3 27.
fxe3 Rd8 28. Bc2 Be4 29. Bxe4 dxe4+ 30. Ke2 Kg7 31. Rd1 Rxd1 32. Kxd1 Kf6 33.
g3 Ke5 34. Ke2 Kd5 35. b3 a5 36. Kd2 f5 37. g4 a4 38. b4 fxg4 39. hxg4 h5 0-1

[Event "01.Chess Org-Pokal -Open-"]
[Site "Bad Zwischenahn(30.07.-08.08)"]
[Date "2004.??.??"]
[Round "5.11"]
[White "Burghardt, Bernd,Dr."]
[Black "Witzschel, Peter"]
[Result "1-0"]
[WhiteElo "1591"]
[BlackElo "1371"]
[PlyCount "75"]
[EventDate "2004.08.??"]
[SourceDate "2005.04.17"]

1. e4 e5 2. Nf3 Nc6 3. Bb5 a6 4. Ba4 Nf6 5. O-O b5 6. Bb3 Bb7 7. d4 Nxd4 8.
Nxd4 exd4 9. Qxd4 c5 10. Qe5+ Be7 11. c3 O-O 12. f3 d6 13. Qg3 c4 14. Bc2 Kh8
15. Be3 Bc8 16. Rd1 Nh5 17. Qf2 Qc7 18. Bb6 Qc6 19. Nd2 Nf4 20. Be3 g5 21. Kh1
Bf6 22. Nf1 Rg8 23. Ng3 Be5 24. Nf5 Bxf5 25. exf5 d5 26. Rd2 g4 27. Bxf4 Bxf4
28. Qd4+ f6 29. Qxf4 gxf3 30. Qxf3 Rad8 31. Rad1 Rge8 32. h3 Re7 33. Rxd5 Rxd5
34. Qxd5 Re1+ 35. Kh2 Qe8 36. Rxe1 Qxe1 37. Qd6 Kg7 38. Qg3+ 1-0

[Event "01.Chess Org-Pokal -Open-"]
[Site "Bad Zwischenahn(30.07.-08.08)"]
[Date "2004.??.??"]
[Round "5.12"]
[White "Rulfs, Ernst-August"]
[Black "Billen, Hans-Juergen"]
[Result "0-1"]
[WhiteElo "1386"]
[BlackElo "1502"]
[PlyCount "74"]
[EventDate "2004.08.??"]
[SourceDate "2005.04.17"]

1. c4 c5 2. Nc3 Nc6 3. Nf3 g6 4. d4 cxd4 5. Nxd4 Bg7 6. Nxc6 bxc6 7. e4 d6 8.
Qc2 e5 9. Be3 Ne7 10. Rd1 Bb7 11. Be2 O-O 12. O-O Qc7 13. Rd2 a6 14. Rfd1 Rad8
15. Qb3 c5 16. Qc2 f5 17. f4 fxe4 18. Nxe4 Bxe4 19. Qxe4 Nf5 20. Bf2 Nd4 21.
fxe5 dxe5 22. Bf1 Rf4 23. Qe3 Rdf8 24. Bg3 Nf5 25. Qd3 Rd4 26. Qe2 Nxg3 27.
hxg3 e4 28. Rxd4 Bxd4+ 29. Kh2 Qe5 30. b4 Rf5 31. Rxd4 Qxd4 32. g4 Rf2 33. Qe1
e3 34. Be2 cxb4 35. c5 Qd2 36. Qxd2 exd2 37. Bf3 Rxf3 0-1

[Event "01.Chess Org-Pokal -Open-"]
[Site "Bad Zwischenahn(30.07.-08.08)"]
[Date "2004.??.??"]
[Round "6.1"]
[White "Molzahn, Norbert"]
[Black "Rotstein, Arkadij"]
[Result "0-1"]
[WhiteElo "1975"]
[BlackElo "2462"]
[PlyCount "78"]
[EventDate "2004.08.??"]
[SourceDate "2005.04.17"]

1. c4 Nf6 2. Nc3 c5 3. Nf3 d5 4. cxd5 Nxd5 5. Nxd5 Qxd5 6. g3 e5 7. d3 Nc6 8.
Bg2 Be7 9. O-O O-O 10. Be3 Qe6 11. Ng5 Bxg5 12. Bxg5 Bd7 13. Re1 Rac8 14. b3 b6
15. Rc1 f6 16. Bd2 Rfd8 17. Bc3 Ne7 18. Bb2 Bc6 19. Qc2 Bxg2 20. Kxg2 Kh8 21.
Qc4 Qd7 22. Qe4 Nd5 23. Red1 Re8 24. Qf3 Rcd8 25. Rc4 Qe6 26. Re4 Nb4 27. Ra1
b5 28. Bc3 Nc6 29. Rh4 Rc8 30. Rc1 h6 31. b4 cxb4 32. Bxb4 Nd4 33. Rxc8 Nxf3
34. Rxe8+ Qxe8 35. Kxf3 a5 36. Bd2 g5 37. Rh3 Qc6+ 38. Ke3 Kg7 39. f4 Qg2 0-1

[Event "01.Chess Org-Pokal -Open-"]
[Site "Bad Zwischenahn(30.07.-08.08)"]
[Date "2004.??.??"]
[Round "6.2"]
[White "Fish, Gennadij"]
[Black "Kimmich, Daniel"]
[Result "1-0"]
[WhiteElo "2545"]
[BlackElo "1817"]
[PlyCount "51"]
[EventDate "2004.08.??"]
[SourceDate "2005.04.17"]

1. d4 c5 2. d5 Nf6 3. Nc3 d6 4. e4 g6 5. Be2 Bg7 6. Nf3 a6 7. a4 Nbd7 8. O-O
O-O 9. Re1 b6 10. h3 Bb7 11. Bf1 Qc7 12. Bg5 e5 13. dxe6 fxe6 14. Bc4 Rfe8 15.
Qd2 Nxe4 16. Nxe4 d5 17. Rad1 Ne5 18. Nxe5 Bxe5 19. Nf6+ Bxf6 20. Bxf6 dxc4 21.
Qd7 Qxd7 22. Rxd7 Bd5 23. Rg7+ Kf8 24. Rxh7 b5 25. Re3 bxa4 26. Be5 1-0

[Event "01.Chess Org-Pokal -Open-"]
[Site "Bad Zwischenahn(30.07.-08.08)"]
[Date "2004.??.??"]
[Round "6.3"]
[White "Kroencke, Manfred"]
[Black "Gutman, Lev"]
[Result "1/2-1/2"]
[WhiteElo "2147"]
[BlackElo "2407"]
[PlyCount "141"]
[EventDate "2004.08.??"]
[SourceDate "2005.04.17"]

1. e4 c5 2. Nf3 d6 3. Bb5+ Nc6 4. O-O Bd7 5. c3 a6 6. Bxc6 Bxc6 7. Re1 Rc8 8.
d4 d5 9. exd5 Bxd5 10. Be3 cxd4 11. Bxd4 f6 12. Nbd2 Nh6 13. Qe2 Nf5 14. Ne4 e6
15. b3 Be7 16. Rad1 b5 17. Ng3 Nxg3 18. hxg3 O-O 19. Nh2 Rf7 20. f4 Bf8 21. Ng4
Rd7 22. Ne3 Bb7 23. Ng4 Bd5 24. Ne3 Be4 25. Ng4 f5 26. Nf2 Bd5 27. Nd3 Qe8 28.
g4 fxg4 29. Qxg4 Rf7 30. Rd2 Rf5 31. Qxf5 exf5 32. Rxe8 Rxe8 33. Kf2 h6 34. g3
Rc8 35. b4 g5 36. Bc5 Bg7 37. Ne5 Be4 38. Rd7 a5 39. a3 axb4 40. axb4 Bc6 41.
Rd6 Be8 42. Bd4 g4 43. Ra6 Rd8 44. Ra7 Bf8 45. Ke3 h5 46. Ra6 Rd6 47. Ra8 Re6
48. Bc5 Bg7 49. Bd4 Bf6 50. Kd3 h4 51. gxh4 Bxh4 52. c4 Kh7 53. c5 Bf6 54. Ra2
Bxe5 55. Rh2+ Rh6 56. Rxh6+ Kxh6 57. Bxe5 g3 58. Ke2 Bc6 59. Bd4 Kh5 60. Be5
Kg4 61. Kf1 Kf3 62. Kg1 Ke3 63. Kf1 Kd3 64. Bc7 Kd4 65. Ba5 Ke3 66. Bc7 Bd5 67.
Be5 Kd3 68. Bc7 Kd2 69. Kg1 Be4 70. Bb6 Kd3 71. Bc7 1/2-1/2

[Event "01.Chess Org-Pokal -Open-"]
[Site "Bad Zwischenahn(30.07.-08.08)"]
[Date "2004.??.??"]
[Round "6.4"]
[White "Lichman, Peter"]
[Black "Bohnstorff, Michael"]
[Result "1/2-1/2"]
[WhiteElo "2162"]
[BlackElo "2025"]
[PlyCount "36"]
[EventDate "2004.08.??"]
[SourceDate "2005.04.17"]

1. d4 d5 2. c4 c6 3. Nf3 Nf6 4. Nc3 Bf5 5. Qb3 Qb6 6. c5 Qxb3 7. axb3 Nbd7 8.
b4 a6 9. b5 cxb5 10. Nxb5 Rc8 11. Nc3 e6 12. e3 Ne4 13. Nxe4 Bxe4 14. Be2 Be7
15. O-O O-O 16. b4 Nb8 17. Bd2 Nc6 18. h3 f6 1/2-1/2